000 00444nmm a2200157Ia 4500
008 251105s9999||||xx |||||||||||||||||und||
020 _a9789580610854
041 _aspa
100 _aPriast Chica, Felipe
245 0 _aUna latitud muy fría
264 _a[Bogotá, Colombia] :
_bOveja Negra,
_c2007
300 _a251 páginas
650 _aLatin American narrative
856 _uhttps://public.digitaliapublishing.com/a/30182
942 _cCF
999 _c94795
_d94795